MARC details
| 000 -LEADER |
| fixed length control field |
02088nam a22003617a 4500 |
| 001 - CONTROL NUMBER |
| control field |
101079 |
| 003 - CONTROL NUMBER IDENTIFIER |
| control field |
KnowledgeUnlatched |
| 005 - DATE AND TIME OF LATEST TRANSACTION |
| control field |
20210303105256.0 |
| 006 - FIXED-LENGTH DATA ELEMENTS--ADDITIONAL MATERIAL CHARACTERISTICS |
| fixed length control field |
m o d |
| 007 - PHYSICAL DESCRIPTION FIXED FIELD--GENERAL INFORMATION |
| fixed length control field |
cr u|||||||||| |
| 008 - FIXED-LENGTH DATA ELEMENTS--GENERAL INFORMATION |
| fixed length control field |
210129p20122019gw o u00| u eng d |
| 037 ## - SOURCE OF ACQUISITION |
| Institution to which field applies |
BiblioBoard |
| 020 ## - INTERNATIONAL STANDARD BOOK NUMBER |
| International Standard Book Number |
9783110263527 |
| 029 1# - OTHER SYSTEM CONTROL NUMBER (OCLC) |
| OCLC library identifier |
https://library.biblioboard.com/ext/api/media/0d070089-e80c-4aee-bb06-5233a6265a5b/assets/thumbnail.jpg |
| 040 ## - CATALOGING SOURCE |
| Original cataloging agency |
ScCtBLL |
| Transcribing agency |
ScCtBLL |
| 245 00 - TITLE STATEMENT |
| Title |
Christian Martyrdom in Late Antiquity |
| Remainder of title |
History and Discourse, Tradition and Religious Identity / |
| Statement of responsibility, etc. |
Johan Leemans, Peter Gemeinhardt. |
| 264 #1 - PRODUCTION, PUBLICATION, DISTRIBUTION, MANUFACTURE, AND COPYRIGHT NOTICE |
| Name of producer, publisher, distributor, manufacturer |
De Gruyter, |
| 300 ## - PHYSICAL DESCRIPTION |
| Extent |
1 online resource (269 p.) |
| 506 0# - RESTRICTIONS ON ACCESS NOTE |
| Terms governing access |
Access copy available to the general public. |
| Standardized terminology for access restriction |
Unrestricted |
| Source of term |
star |
| 520 ## - SUMMARY, ETC. |
| Summary, etc. |
The present volume`s focus lies on the formation of a multifaceted discourse on Christian martyrdom in Late Antiquity. While martyrdom accounts remain a central means of defining Christian identity, new literary genres emerge, e.g., the Lives of Saints (Athanasius on Antony), sermons (the Cappadocians), hymns (Prudentius). Authors like Eusebius of Caesarea and Augustine employ martyrological language and motifs in their writings, while beyond the borders of the Roman Empire, new martyrs` narratives can be found. The volume thus enlarges and specifies our knowledge of this important Christian discourse. |
| 588 0# - SOURCE OF DESCRIPTION NOTE |
| Source of description note |
Description based on print version record. |
| 590 ## - LOCAL NOTE (RLIN) |
| Local note |
KU Select 2017: Backlist Collection |
| 650 #7 - SUBJECT ADDED ENTRY--TOPICAL TERM |
| Topical term or geographic name entry element |
History / Ancient |
| Source of heading or term |
bisacsh |
| 650 #0 - SUBJECT ADDED ENTRY--TOPICAL TERM |
| Topical term or geographic name entry element |
History |
| 655 #0 - INDEX TERM--GENRE/FORM |
| Genre/form data or focus term |
Electronic books. |
| 700 1# - ADDED ENTRY--PERSONAL NAME |
| Personal name |
Leemans, Johan |
| Relator term |
editor. |
| 700 1# - ADDED ENTRY--PERSONAL NAME |
| Personal name |
Gemeinhardt, Peter |
| Relator term |
editor. |
| 758 ## - |
| -- |
Is found in: |
| -- |
Knowledge Unlatched |
| -- |
https://openresearchlibrary.org/module/2774bc74-146a-484f-a7ba-ab1d6a09bbfb |
| 856 40 - ELECTRONIC LOCATION AND ACCESS |
| Uniform Resource Identifier |
<a href="https://openresearchlibrary.org/content/0d070089-e80c-4aee-bb06-5233a6265a5b">https://openresearchlibrary.org/content/0d070089-e80c-4aee-bb06-5233a6265a5b</a> |
| Public note |
View this content on Open Research Library. |
| -- |
0 |